[Event "Scarborough CC Spring op U1700"]
[Site "Toronto"]
[Date "2009.05.07"]
[Round "2"]
[White "Lin, Tony"]
[Black "Woolford, Jesse"]
[Result "1/2-1/2"]
[WhiteElo "1470"]
[BlackElo "1234"]
[PlyCount "48"]
[EventDate "2009.04.30"]
[EventType "swiss"]
[EventRounds "9"]
[EventCountry "CAN"]
[SourceTitle "EXT 2011"]
[Source "ChessBase"]
[SourceDate "2010.11.26"]
[SourceVersion "1"]
[SourceVersionDate "2010.11.26"]
[SourceQuality "1"]

1. e4 e6 2. Qe2 c5 3. Nc3 Nc6 4. Nf3 Be7 5. g3 d5 6. e5 d4 7. Ne4 Qc7 8. d3 Nxe5 9. Nxe5 Qxe5 10. f4 Qc7 11. Bg2 Nf6 12. 0-0 Rb8 13. a4 b6 14. Nxf6+ Bxf6 15. f5 e5 16. g4 h6 17. Bd2 Bb7 18. Be4 Bh4 19. Rf3 Kf8 20. Rh3 Bd8 21. g5 Bxe4 22. dxe4 Qc6 23. gxh6 gxh6 24. Rf1 Ke8 1/2-1/2

[Event "Scarborough CC Jack Frost U1700"]
[Site "Toronto"]
[Date "2009.01.29"]
[Round "4"]
[White "Woolford, Jesse"]
[Black "Xi, Jason"]
[Result "1-0"]
[WhiteElo "1062"]
[BlackElo "1012"]
[PlyCount "81"]
[EventDate "2009.01.08"]
[EventType "swiss"]
[EventRounds "7"]
[EventCountry "CAN"]
[SourceTitle "EXT 2011"]
[Source "ChessBase"]
[SourceDate "2010.11.26"]
[SourceVersion "1"]
[SourceVersionDate "2010.11.26"]
[SourceQuality "1"]

1. e4 c5 2. Nc3 d6 3. f4 Nf6 4. Nf3 g6 5. Bc4 Bg7 6. d3 0-0 7. 0-0 Nc6 8. Qd2 Rb8 9. a4 Be6 10. Bxe6 fxe6 11. Qf2 e5 12. fxe5 Nxe5 13. Nxe5 Ng4 14. Qe2 Nxe5 15. Rxf8+ Qxf8 16. Bg5 Nf7 17. Bh4 b6 18. Rf1 Qe8 19. Ra1 Ne5 20. Bg3 Qd7 21. Bxe5 Bxe5 22. h3 Rf8 23. Qg4 Qxg4 24. hxg4 Rf4 25. a5 Bxc3 26. bxc3 b5 27. a6 e5 28. Ra5 c4 29. Rxb5 cxd3 30. cxd3 Rf7 31. Rb7 Kg7 32. d4 exd4 33. cxd4 Kf6 34. Kf2 Ke6+ 35. Ke3 Rd7 36. Kd3 Ke7 37. Kc4 Kd8 38. Kb5 Rc7 39. e5 Rxb7+ 40. axb7 Kc7 41. Ka6 1-0